Denmark Immigration by Country - Statistics

General Stats
  • This quiz has been taken 2,550 times
    2,347 since last reset
  • The average score is 15 of 20
Answer Stats
# People Country of Origin % Correct
34,468 Germany
96%
16,620 Sweden
96%
17,450 Norway
95%
17,155 United Kingdom
95%
48,473 Poland
87%
42,968 Syria
86%
15,038 China
82%
15,135 India
82%
64,172 Turkey
82%
33,381 Iraq
81%
21,701 Iran
78%
14,462 Ukraine
72%
19,488 Afghanistan
71%
25,949 Pakistan
71%
33,591 Romania
68%
21,072 Somalia
52%
15,134 Lithuania
51%
15,747 Vietnam
47%
27,310 Lebanon
45%
23,203 Bosnia and Herzegovina
42%
No matching quizzes found
Score Distribution
Percent of People with Each Score
Percentile by Number Answered
Your Score History
You have not taken this quiz since the last reset